Statistics for World Capitals Closest to Nairobi

Click here to take the quiz!

General Stats

  • This quiz has been taken 583 times
    (567 since last reset)
  • The average score is 15 of 20

Answer Stats

kmcapitalmiles% Correct
1020Mogadishu634
90%
1595Djibouti991
87%
505Kampala314
87%
1936Khartoum1203
87%
1164Addis Ababa723
85%
2415Kinshasa1500
85%
556Dodoma345
84%
897Juba558
84%
756Kigali470
83%
1951Harare1213
77%
1828Lusaka1136
76%
1865Asmara1159
74%
2416Brazzaville1501
74%
2284Antananarivo1419
73%
803Gitega499
72%
1450Lilongwe901
71%
2123Bangui1319
68%
2103Victoria1307
68%
1360Moroni845
63%
2024Sana'a1258
61%

Score Distribution

Percentile by Number Answered

Percent of People with Each Score

Your Score History

You have not taken this quiz since the last reset